Hội nghị tư vấn nghề nghiệp-việc làm sinh viên Đồng Bằng Sông Cửu Long
Đã lưu trong:
| 主要作者: | |
|---|---|
| 格式: | 图书 |
| 语言: | Undetermined |
| 出版: |
Cần Thơ
Trường Đại học Cần Thơ
2001
|
| 主题: | |
| 标签: |
添加标签
没有标签, 成为第一个标记此记录!
|
| Thư viện lưu trữ: | Trung tâm Học liệu Trường Đại học Cần Thơ |
|---|
| LEADER | 00661nam a2200181Ia 4500 | ||
|---|---|---|---|
| 001 | CTU_44015 | ||
| 008 | 210402s9999 xx 000 0 und d | ||
| 082 | |a 331.12 | ||
| 082 | |b Tr561 | ||
| 100 | |a Trường Đại học Cần Thơ | ||
| 245 | 0 | |a Hội nghị tư vấn nghề nghiệp-việc làm sinh viên Đồng Bằng Sông Cửu Long | |
| 245 | 0 | |c Trường Đại học Cần Thơ | |
| 260 | |a Cần Thơ | ||
| 260 | |b Trường Đại học Cần Thơ | ||
| 260 | |c 2001 | ||
| 650 | |a labor economics | ||
| 904 | |i Nguyễn Quang Điền, 010911 | ||
| 980 | |a Trung tâm Học liệu Trường Đại học Cần Thơ | ||